| 000 | 01247cam a2200337 a 4500 | ||
|---|---|---|---|
| 999 |
_c531868 _d531868 |
||
| 001 | 15634378 | ||
| 005 | 20191029173903.0 | ||
| 008 | 090223s2010 enkae b 001 0 eng | ||
| 010 | _a 2009006691 | ||
| 020 | _a9780415472548 (hardback : alk. paper) | ||
| 020 | _a0415472547 (hardback : alk. paper) | ||
| 020 | _a9780203892572 (ebook) | ||
| 020 | _a0203892577 (ebook) | ||
| 035 | _a(OCoLC)ocn229019451 | ||
| 040 | _cDLC | ||
| 082 | 0 | 0 |
_a363.3483 _bREB |
| 245 | 0 | 0 |
_aRebuilding after disasters : _bfrom emergency to sustainability / _cedited by Gonzalo Lizarralde, Cassidy Johnson, and Colin Davidson ; preface by Hernando de Soto. |
| 260 |
_aLondon ; _aNew York : _bSpon Press, _c2010. |
||
| 300 |
_aix, 283 p. : _bill., plans ; _c24 cm. |
||
| 504 | _aIncludes bibliographical references and index. | ||
| 650 | 0 |
_aEmergency housing. _924989 |
|
| 650 | 0 |
_aEmergency management. _922975 |
|
| 650 | 0 |
_aDisaster victims _xCare. _924990 |
|
| 650 | 0 |
_aHumanitarian assistance. _924991 |
|
| 650 | 0 |
_aSustainable development. _9442 |
|
| 650 | 0 |
_aBuilding _xSuperintendence. _919468 |
|
| 700 | 1 |
_aLizarralde, Gonzalo, _d1974- _924992 |
|
| 700 | 1 |
_aJohnson, Cassidy, _d1975- _924993 |
|
| 700 | 1 |
_aDavidson, Colin H. _924994 |
|
| 942 |
_2ddc _cBK |
||